000 00310nam a2200109Ia 4500
008 160531s9999 xx 000 0 und d
100 _aRichardson, Michael.
245 _aMuscle Atlas of the Extremities
245 _cby Michael Richardson
260 _c2011
856 _uhttp://rad.washington.edu/muscle-atlas/
999 _c295496
_d295496